Calcul mental rapide - préfectures - Statistiques

Statistiques générales
  • Ce quiz a été pris 36 fois
  • Le résultat moyen est 12 sur 20
Statistiques - réponses
Opération Préfecture % Correct
Tulle + Paris Créteil
95%
Guéret * Moulins Lyon
86%
Amiens - Laval Evreux
77%
Lons Le Saunier + Tours Rouen
73%
Nanterre / Laon Cahors
68%
Montpellier + Bordeaux Strasbourg
68%
Saint-Lo - Troyes Mont-de-Marsan
59%
Limoges / Quimper Moulins
59%
Privas * Rodez Avignon
55%
Nancy * Bourges Fort de France
55%
Foix * Charleville Mézières Le Mans
55%
Nîmes + Angers Niort
55%
Rennes / Gap Privas
55%
Epinal / Digne-les-Bains Saint-Brieuc
55%
Bourg-en-Bresse + Chambéry Annecy
50%
Tarbes - Nice Lille
50%
Evry - Versailles Marseille
50%
Chartres * Laon Vannes
50%
Montauban - Macon Carcassonne
45%
Mamoudzou / Angoulême Alençon
41%
Aucun quiz correspondant
Distribution des résultats
% des personnes avec chaque résultat
Percentile par nombre de réponses
Votre historique - résultats
Vous n’avez pas pris ce quiz